000 00882nam a2200241Ia 4500
003 OSt
005 20220923212417.0
006 a|||||r|||| 00| 0
007 ta
008 220922b |||||||| |||| 00| 0 hin d
024 _a152,711
037 _cTextual
040 _aARTS
_cARTS
_bhin
041 _2hin
_ahin
082 _aNQ2v, 152L3
100 _aकादरी, एस0 एस0
_9162443
245 0 _aभारतीय चित्रकला का इतिहास
_b सरल अध्ययन प्रारिम्भक काल से अब तक
246 _aBhāratīya chitrakalā kā itihāsa: saral adhyayan prārimbhak kāl se ab taka
260 _aबरेली
_b प्रकाशन
_c1973
300 _a310 पृ.
_ccm.
942 _hNQ2v, 152L3
_cTEXL
_2CC
999 _c308360
_d308360